<?xml version="1.0" encoding="UTF-8"?>
<record
    xmlns:xsi="http://www.w3.org/2001/XMLSchema-instance"
    xsi:schemaLocation="http://www.loc.gov/MARC21/slim http://www.loc.gov/standards/marcxml/schema/MARC21slim.xsd"
    xmlns="http://www.loc.gov/MARC21/slim">

  <leader>017500000a22003490004500</leader>
  <controlfield tag="003">EG-GiCUC</controlfield>
  <controlfield tag="005">20250223025709.0</controlfield>
  <controlfield tag="008">081214s2008    ua dh  f m    000 0 eng d</controlfield>
  <datafield tag="040" ind1=" " ind2=" ">
    <subfield code="a">EG-GiCUC</subfield>
    <subfield code="b">eng</subfield>
    <subfield code="c">EG-GiCUC</subfield>
  </datafield>
  <datafield tag="041" ind1="0" ind2=" ">
    <subfield code="a">Eng</subfield>
  </datafield>
  <datafield tag="049" ind1=" " ind2=" ">
    <subfield code="a">Deposite</subfield>
  </datafield>
  <datafield tag="097" ind1=" " ind2=" ">
    <subfield code="a">Ph.D</subfield>
  </datafield>
  <datafield tag="099" ind1=" " ind2=" ">
    <subfield code="a">Cai01.11.10.Ph.D.2008.Ha.A</subfield>
  </datafield>
  <datafield tag="100" ind1="0" ind2=" ">
    <subfield code="a">Hanan Ali Gammaz</subfield>
  </datafield>
  <datafield tag="245" ind1="1" ind2="0">
    <subfield code="a">Assessment of the effect of the synergistic use of pentoxiphylline and sulphasalazine on the level of tumor necrosis facttor in pemphigus vulgaris / </subfield>
    <subfield code="c">Hanan Ali Gammaz ; Supervised Mohammad Aly Eldarouti , Salonas Ali Marzouk , Eren Ramzy Eskander</subfield>
  </datafield>
  <datafield tag="246" ind1="1" ind2="5">
    <subfield code="a">&#x62A;&#x642;&#x62F;&#x64A;&#x631; &#x62A;&#x623;&#x62B;&#x64A;&#x631; &#x627;&#x644;&#x627;&#x633;&#x62A;&#x639;&#x645;&#x627;&#x644; &#x627;&#x644;&#x627;&#x62A;&#x62D;&#x627;&#x62F;&#x649; &#x644;&#x639;&#x642;&#x627;&#x631;&#x649; &#x627;&#x644;&#x628;&#x646;&#x62A;&#x648;&#x643;&#x633;&#x641;&#x64A;&#x644;&#x644;&#x64A;&#x646; &#x648;&#x633;&#x644;&#x641;&#x627;&#x633;&#x627;&#x644;&#x627;&#x632;&#x64A;&#x646; &#x639;&#x644;&#x649; &#x645;&#x633;&#x62A;&#x648;&#x649; &#x639;&#x627;&#x645;&#x644; &#x627;&#x644;&#x646;&#x62E;&#x631; &#x627;&#x644;&#x648;&#x631;&#x645;&#x649; &#x641;&#x649; &#x645;&#x631;&#x636; &#x630;&#x648; &#x627;&#x644;&#x641;&#x642;&#x627;&#x639;</subfield>
  </datafield>
  <datafield tag="260" ind1=" " ind2=" ">
    <subfield code="a">Cairo : </subfield>
    <subfield code="b">Hanan Ali Gammaz , </subfield>
    <subfield code="c">2008</subfield>
  </datafield>
  <datafield tag="300" ind1=" " ind2=" ">
    <subfield code="a">203P. : </subfield>
    <subfield code="b">charts , facsimiles ; </subfield>
    <subfield code="c">25cm</subfield>
  </datafield>
  <datafield tag="502" ind1=" " ind2=" ">
    <subfield code="a">Thesis(Ph.D.) - Cairo University - Faculty of Medicine - Department of Dermatology and Venerology</subfield>
  </datafield>
  <datafield tag="520" ind1=" " ind2=" ">
    <subfield code="a">This comparative double blinded study was carried to estimate the use of both sulfasalazine(SSZ)and pentoxiphylline(PTX)as an adjuvant therapy for PV.the rationale of using SSZ and PTX is that they are cheap effective anti TNF drugs and have minimal side effects and interactions</subfield>
  </datafield>
  <datafield tag="530" ind1=" " ind2=" ">
    <subfield code="a">Issued also as CD</subfield>
  </datafield>
  <datafield tag="653" ind1=" " ind2="4">
    <subfield code="a">Anti TNF</subfield>
  </datafield>
  <datafield tag="653" ind1=" " ind2="4">
    <subfield code="a">Pemphigus</subfield>
  </datafield>
  <datafield tag="653" ind1=" " ind2="4">
    <subfield code="a">Pentoxiphylline</subfield>
  </datafield>
  <datafield tag="700" ind1="0" ind2=" ">
    <subfield code="a">Eren Ramzy Eskander , </subfield>
    <subfield code="e">Supervisor</subfield>
  </datafield>
  <datafield tag="700" ind1="0" ind2=" ">
    <subfield code="a">Mohammad Aly Eldarouti , </subfield>
    <subfield code="e">Supervisor</subfield>
  </datafield>
  <datafield tag="700" ind1="0" ind2=" ">
    <subfield code="a">Salonas Ali Marzouk , </subfield>
    <subfield code="e">Supervisor</subfield>
  </datafield>
  <datafield tag="856" ind1=" " ind2=" ">
    <subfield code="u">http://172.23.153.220/th.pdf</subfield>
  </datafield>
  <datafield tag="905" ind1=" " ind2=" ">
    <subfield code="a">Nazla</subfield>
    <subfield code="e">Revisor</subfield>
  </datafield>
  <datafield tag="905" ind1=" " ind2=" ">
    <subfield code="a">Soheir</subfield>
    <subfield code="e">Cataloger</subfield>
  </datafield>
  <datafield tag="942" ind1=" " ind2=" ">
    <subfield code="2">ddc</subfield>
    <subfield code="c">TH</subfield>
  </datafield>
  <datafield tag="999" ind1=" " ind2=" ">
    <subfield code="c">18653</subfield>
    <subfield code="d">18653</subfield>
  </datafield>
  <datafield tag="952" ind1=" " ind2=" ">
    <subfield code="2">ddc</subfield>
    <subfield code="7">0</subfield>
    <subfield code="a">CUCL</subfield>
    <subfield code="b">cl210</subfield>
    <subfield code="d">2024-02-11</subfield>
    <subfield code="o">Cai01.11.10.Ph.D.2008.Ha.A</subfield>
    <subfield code="p">01010110050274000</subfield>
    <subfield code="r">2023-09-22 00:00:00</subfield>
    <subfield code="y">TH</subfield>
  </datafield>
  <datafield tag="952" ind1=" " ind2=" ">
    <subfield code="2">ddc</subfield>
    <subfield code="7">0</subfield>
    <subfield code="a">CUCL</subfield>
    <subfield code="b">cl2u8</subfield>
    <subfield code="d">2024-02-11</subfield>
    <subfield code="o">Cai01.11.10.Ph.D.2008.Ha.A</subfield>
    <subfield code="p">01020110050274000</subfield>
    <subfield code="r">2023-09-22 00:00:00</subfield>
    <subfield code="t">50274.CD</subfield>
    <subfield code="y">CD</subfield>
  </datafield>
</record>
